Pacto internacional de derechos civiles y políticos: Protocolo Facultativo
El artículo aborda el Protocolo Facultativo del Pacto Internacional de Derechos Civiles y Políticos, explorando su alcance y relevancia en la protección de los derechos humanos. Emitido por el Instituto Interamericano de Derechos Humanos, el artículo analiza cómo este protocolo amplía los mecanismos...
Guardado en:
| Autor Corporativo: | |
|---|---|
| Formato: | Desconocido |
| Lenguaje: | Spanish |
| Publicado: |
Costa Rica :
IIDH
|
| Materias: | |
| Etiquetas: |
Agregar Etiqueta
Sin Etiquetas, Sea el primero en etiquetar este registro!
|
MARC
| LEADER | 00000 a2200000 04500 | ||
|---|---|---|---|
| 001 | 48290 | ||
| 003 | cru CIDCACS/IIS | ||
| 005 | 20230904094349.0 | ||
| 008 | 050614s1992 cr spa d | ||
| 040 | |c cru CIDCACS/IIS | ||
| 090 | |a 04.01.02 I59p | ||
| 110 | |a Instituto Interamericano de Derechos Humanos | ||
| 245 | |a Pacto internacional de derechos civiles y políticos: Protocolo Facultativo | ||
| 260 | |a Costa Rica : |b IIDH | ||
| 300 | |a 32 páginas | ||
| 520 | |a El artículo aborda el Protocolo Facultativo del Pacto Internacional de Derechos Civiles y Políticos, explorando su alcance y relevancia en la protección de los derechos humanos. Emitido por el Instituto Interamericano de Derechos Humanos, el artículo analiza cómo este protocolo amplía los mecanismos para la denuncia y la investigación de violaciones de derechos civiles y políticos. Se examinan las implicaciones de su implementación en la promoción de la justicia y la rendición de cuentas a nivel internacional, destacando su papel en fortalecer la protección de los derechos fundamentales en distintos contextos. RAR 08/2023 | ||
| 650 | 0 | |2 OCDE |9 38 |a DERECHOS HUMANOS | |
| 650 | 0 | |2 OCDE |9 5440 |a JUSTICIA | |
| 650 | 0 | |2 OCDE |9 7937 |a RENDICION DE CUENTAS | |
| 650 | 4 | |2 OCDE |9 1930 |a INVESTIGACION | |
| 650 | 0 | |2 OCDE |9 11652 |a PROMOCION | |
| 650 | 0 | |2 OCDE |9 11637 |a CONTEXTOS | |
| 942 | |2 ddc |c LI | ||
| 999 | |c 9973 |d 9973 | ||
